| 000 | 00935nam a2200301 i 4500 | ||
|---|---|---|---|
| 999 |
_c2840 _d2840 |
||
| 001 | 020413310 | ||
| 003 | UkOxU | ||
| 005 | 20230823145117.0 | ||
| 008 | 140717s2015 kyua 000 0 eng|d | ||
| 015 |
_aGBB496989 _2bnb |
||
| 020 |
_a9781285846927 _qStudent book |
||
| 035 | _a(Uk)016863093 | ||
| 040 |
_aStDuBDS _beng _erda _cStDuBDS _dUkOxU _dKH8 |
||
| 082 | 0 | 4 |
_a428.24 MAC _223 |
| 100 | 1 |
_aMacIntyre, Paul, _eauthor. |
|
| 245 | 1 | 0 |
_aReading explorer. _n4 / _cPaul MacIntyre, David Bohlke. |
| 250 | _aSecond edition. | ||
| 264 | 1 |
_a[Independence] : _bNational Geographic Learning, _c[2015?] |
|
| 264 | 4 | _c©2015 | |
| 300 |
_a224 pages : _billustrations ; _c28 cm |
||
| 336 |
_atext _2rdacontent |
||
| 337 |
_aunmediated _2rdamedia |
||
| 338 |
_avolume _2rdacarrier |
||
| 500 | _aIncludes Internet access. | ||
| 650 | 0 |
_aEnglish language _vTextbooks for foreign speakers. |
|
| 700 | 1 |
_aBohlke, David, _eauthor. |
|
| 942 |
_2ddc _cTR |
||